principles and techniques of ecological system of rice intensification in prasac II case study in aangkorborei, takeo (ប្រពលវប្បកម្មដំណាំស្រូវតាមគោលការណ៍ធម្មជាតិនៅប្រាសាក់II ករណីសិក្សាក្នុងស្រុកអង្គបុរីខេត្តតាកែវ) (Record no. 459)

000 -LEADER
fixed length control field 00751nam a22001577a 4500
003 - CONTROL NUMBER IDENTIFIER
control field OSt
005 - DATE AND TIME OF LATEST TRANSACTION
control field 20150915092803.0
008 - FIXED-LENGTH DATA ELEMENTS--GENERAL INFORMATION
fixed length control field 150915b xxu||||| |||| 00| 0 eng d
040 ## - CATALOGING SOURCE
Transcribing agency RUA
082 ## - DEWEY DECIMAL CLASSIFICATION NUMBER
Classification number AGR ITH 2002 B027 Or.1
100 ## - MAIN ENTRY--PERSONAL NAME
9 (RLIN) 479
Personal name ITH, VANNARIT.
245 ## - TITLE STATEMENT
Title principles and techniques of ecological system of rice intensification in prasac II case study in aangkorborei, takeo (ប្រពលវប្បកម្មដំណាំស្រូវតាមគោលការណ៍ធម្មជាតិនៅប្រាសាក់II ករណីសិក្សាក្នុងស្រុកអង្គបុរីខេត្តតាកែវ)
260 ## - PUBLICATION, DISTRIBUTION, ETC. (IMPRINT)
Place of publication, distribution, etc. Phnom Penh
Name of publisher, distributor, etc. RUA
Date of publication, distribution, etc. 2002
300 ## - PHYSICAL DESCRIPTION
Extent 43p.
Other physical details ill.
Dimensions 29cm.
942 ## - ADDED ENTRY ELEMENTS (KOHA)
Source of classification or shelving scheme
Koha item type AGR
Holdings
Price effective from Date last seen Permanent Location Not for loan Date acquired Source of classification or shelving scheme Koha item type Lost status Withdrawn status Total Renewals Date last checked out Total Checkouts Shelving location Damaged status Barcode Current Location Full call number
2015-09-152015-09-15Library Block B 2015-09-15 AGR     B027 RUA002822Library Block BAGR ITH 2002 B027 Or.1
2015-09-152015-09-15Library Block B 2015-09-15 AGR     B027 RUA002965Library Block BAGR ITH 2002 B027 Or.2
2015-09-152017-08-18Library Block B 2015-09-15 AGR  12017-02-032B027 RUA002750Library Block BAGR ITH 2002 B027 Or.3
2015-09-152015-09-15Library Block B 2015-09-15 AGR     B027 RUA002890Library Block BAGR ITH 2002 B027 Or.4
2015-09-152015-09-15Library Block B 2015-09-15 AGR     B027 RUA002893Library Block BAGR ITH 2002 B027 Or.5
មជ្ឈមណ្ឌលឯការនៃសាកលវិទ្យាល័យភូមិន្ទកសិកម្មចំការដូង

Powered by Koha